Powiaty i regiony graniczące z województwem małopolskim. - Statystyki

Ogólne statystyki
  • Ten quiz został rozwiązany 20 razy
  • Średni wynik to 9 z 23
Statystyki odpowiedzi
województwo/państwo powiat/miasto/region % Poprawnych
śląskie- miasto Dąbrowa Górnicza
76%
śląskie- miasto Jaworzno
76%
śląskie bielski
65%
świętokrzyskie buski
65%
świętokrzyskie jędrzejowski
65%
świętokrzyskie kazimierski
65%
śląskie zawierciański
65%
śląskie żywiecki
65%
podkarpackie dębicki
59%
śląskie będziński
47%
śląskie bieruńsko-lędziński
47%
podkarpackie mielecki
47%
podkarpackie jasielski
41%
Słowacja Poprad
41%
świętokrzyskie pińczowski
35%
świętokrzyskie staszowski
35%
śląskie pszczyński
24%
Słowacja Liptovsky Mikulas
6%
Słowacja Namestovo
6%
Słowacja Bardejov
0%
Słowacja Kezmarok
0%
Słowacja Lubovna
0%
Słowacja Trvdosin
0%
Nie znaleziono quizów pasujących do podanych kryteriów
Rozkład punktacji
Procent ludzi z każdym wynikiem
Percentyl według liczby udzielonych odpowiedzi
Twoja historia wyników
Nie rozwiązałeś tego quizu